000
00272nam a22000977a 4500
999
_c
515572
_d
515572
082
_a
TNC A6x54 P192
100
_a
Pande, A. K.
_9
21253
245
_a
Beyond the office window:
_b
Discovery of Indian ethos
_c
by A. K. Pande
260
_a
New Delhi
_b
Konark
_c
2010
300
_a
178p.